Salón Nacional de Artes Visuales 2023 / (Record no. 4574)
[ view plain ]
| 000 -LEADER | |
|---|---|
| campo de control de longitud fija | 01486nam a22002897i 4500 |
| 003 - IDENTIFICADOR DE NÚMERO DE CONTROL | |
| campo de control | OSt |
| 005 - FECHA Y HORA DE LA ÚLTIMA TRANSACCIÓN | |
| campo de control | 20251202150132.0 |
| 008 - DATOS DE LONGITUD FIJA--INFORMACIÓN GENERAL | |
| campo de control de longitud fija | 251202e2024 cr|ao||| ||||o001 0 spa d |
| 020 ## - NÚMERO INTERNACIONAL ESTÁNDAR DEL LIBRO | |
| Número Internacional Estándar del Libro | 9789968589260 |
| 040 ## - FUENTE DE CATALOGACIÓN | |
| Lengua de catalogación | spa |
| Centro/agencia transcriptor | LADOV |
| 041 0# - CÓDIGO DE IDIOMA | |
| Código de lengua del texto/banda sonora o título independiente | spa |
| 082 04 - NÚMERO DE LA CLASIFICACIÓN DECIMAL DEWEY | |
| Número de clasificación | 708.972.86 |
| Número de ítem | S173s |
| 245 10 - MENCIÓN DEL TÍTULO | |
| Título | Salón Nacional de Artes Visuales 2023 / |
| Mención de responsabilidad, etc. | dirección general María José Chavarría Zamora ; texto institucional Esteban Calvo Campos ; texto autor invitado Camilo Retana Alvarado ; fotografías Tiffany Fernández Estrada y María Lourdes Robert Montes de Oca. |
| 250 ## - MENCION DE EDICION | |
| Mención de edición | 1era Edición |
| Resto de la mención de edición | diciembre 2024 |
| 260 ## - PUBLICACIÓN, DISTRIBUCIÓN, ETC. | |
| Lugar de publicación, distribución, etc. | San José, Costa Rica : |
| Nombre del editor, distribuidor, etc. | Ministerio de Cultura y Juventud, |
| Fecha de publicación, distribución, etc. | 2024. |
| 300 ## - DESCRIPCIÓN FÍSICA | |
| Extensión | 152 páginas : |
| Otras características físicas | fotografías e ilustraciones a color ; |
| Dimensiones | 28 cm |
| 520 3# - RESUMEN, ETC. | |
| Sumario, etc. | Esta publicación fue realizada para la muestra Salón Nacional de Artes Visuales 2023 exhibida en el Museo de Arte Costarricense (MAC), San José, Costa Rica. Del 25 de mayo al 01 de octubre 2023. |
| 610 27 - PUNTO DE ACCESO ADICIONAL DE MATERIA--NOMBRE DE ENTIDAD CORPORATIVA | |
| Nombre de entidad corporativa o nombre de jurisdicción como elemento de entrada | Museo de Arte Costarricense |
| Subdivisión de forma | Exposiciones |
| 610 27 - PUNTO DE ACCESO ADICIONAL DE MATERIA--NOMBRE DE ENTIDAD CORPORATIVA | |
| Nombre de entidad corporativa o nombre de jurisdicción como elemento de entrada | Museo de Arte Costarricense |
| Subdivisión de forma | Concursos |
| 650 07 - PUNTO DE ACCESO ADICIONAL DE MATERIA--TÉRMINO DE MATERIA | |
| Término de materia o nombre geográfico como elemento de entrada | Arte contemporáneo |
| Subdivisión de forma | Exposiciones |
| 700 1# - ENTRADA AGREGADA--NOMBRE PERSONAL | |
| Nombre de persona | Chavarría Zamora, María José |
| Fechas asociadas al nombre | 1979- |
| Término indicativo de función/relación | directora |
| 700 1# - ENTRADA AGREGADA--NOMBRE PERSONAL | |
| Nombre de persona | Calvo Campos, Esteban |
| Término indicativo de función/relación | editor |
| 700 1# - ENTRADA AGREGADA--NOMBRE PERSONAL | |
| Nombre de persona | Retana Alvarado, Camilo |
| Término indicativo de función/relación | editor |
| 700 1# - ENTRADA AGREGADA--NOMBRE PERSONAL | |
| Nombre de persona | Fernández Estrada, Tiffany |
| Término indicativo de función/relación | fotógrafa |
| 700 1# - ENTRADA AGREGADA--NOMBRE PERSONAL | |
| Nombre de persona | Robert Montes de Oca, María Lourdes |
| Término indicativo de función/relación | fotógrafa |
| 942 ## - ELEMENTOS DE ENTRADA SECUNDARIOS (KOHA) | |
| Fuente del sistema de clasificación o colocación | Clasificación Decimal Dewey |
| Tipo de ítem Koha | Libros |
| Parte de la signatura que corresponde a la clasificación (Parte de la clasificación) | 708.972.86 |
| Parte de la signatura que identifica el ejemplar (Parte del ítem) | S173s |
| Suprimir en OPAC | No |
| Estatus retirado | Estado de pérdida | Fuente del sistema de clasificación o colocación | Estado de daño | No para préstamo | Colección | Biblioteca de origen | Biblioteca actual | Fecha de adquisición | Total de préstamos | Signatura topográfica completa | Código de barras | Visto por última vez | Precio de reemplazo | Tipo de ítem Koha |
|---|---|---|---|---|---|---|---|---|---|---|---|---|---|---|
| Clasificación Decimal Dewey | Libros | Biblioteca LadoV | Biblioteca LadoV | 02/12/2025 | 708.972.86 S173s | 002745 | 02/12/2025 | 02/12/2025 | Libros | |||||
| Clasificación Decimal Dewey | Biblioteca LadoV | Biblioteca LadoV | 27/03/2026 | 700.074 M986sa | 27/03/2026 | 27/03/2026 | Libros |
